Storia della ricerca sulla vita di gesù

Saved in:  
Bibliographic Details
Main Author: Schweitzer, Albert 1875-1965 (Author)
Format: Print Book
Language:Italian
Subito Delivery Service: Order now.
Check availability: HBZ Gateway
Interlibrary Loan:Interlibrary Loan for the Fachinformationsdienste (Specialized Information Services in Germany)
Published: Brescia Paideia Editrice 1986
In: Biblioteca di storia e storiografia dei tempi biblici (4)
Year: 1986
Series/Journal:Biblioteca di storia e storiografia dei tempi biblici 4

MARC

LEADER 00000cam a22000002c 4500
001 1092037233
003 DE-627
005 20220514130333.0
007 tu
008 901024s1986 xx ||||| 00| ||ita c
035 |a (DE-627)1092037233 
035 |a (DE-576)022037233 
035 |a (DE-599)BSZ022037233 
040 |a DE-627  |b ger  |c DE-627  |e rakwb 
041 |a ita 
084 |a 1  |2 ssgn 
100 1 |0 (DE-588)11861214X  |0 (DE-627)133786986  |0 (DE-576)163012008  |4 aut  |a Schweitzer, Albert  |d 1875-1965 
109 |a Aerbeite-Shiweize 1875-1965  |a Shi huai zhe 1875-1965  |a Shiweize, A'erbeite 1875-1965  |a Schweitzer-Wildikann 1875-1965  |a Shiweize, Aerbeite 1875-1965  |a A er bei te Shi wei ze 1875-1965  |a Shihuaizhe 1875-1965  |a Shuvaitsā 1875-1965  |a Shihuaize, A'erbeite 1875-1965  |a Schweizer, Albert 1875-1965  |a Švajcer, Albert 1875-1965  |a Švejcer, Al'bert 1875-1965  |a Šwāytzir, Ālbirt 1875-1965  |a Schweitzer, Albert 1875-1965  |a Al be leu teu Syu ba i cheo 1875-1965  |a Syu ba i cheo, Al be leu teu 1875-1965 
240 1 0 |a Geschichte der Leben-Jesu-Forschung <ital.> 
245 1 0 |a Storia della ricerca sulla vita di gesù  |c Albert Schweitzer 
264 1 |a Brescia  |b Paideia Editrice  |c 1986 
300 |a 776 S. 
336 |a Text  |b txt  |2 rdacontent 
337 |a ohne Hilfsmittel zu benutzen  |b n  |2 rdamedia 
338 |a Band  |b nc  |2 rdacarrier 
490 1 |a Biblioteca di storia e storiografia dei tempi biblici  |v 4 
700 1 2 |a Schweitzer, Albert  |d 1875-1965  |t Geschichte der Leben-Jesu-Forschung <ital.> 
830 0 |a Biblioteca di storia e storiografia dei tempi biblici  |v 4  |9 4  |w (DE-627)528299964  |w (DE-576)013292706  |w (DE-600)2285784-9  |7 am 
935 |a mteo 
951 |a BO 
ELC |b 1 
LOK |0 000 xxxxxcx a22 zn 4500 
LOK |0 001 4919628633 
LOK |0 003 DE-627 
LOK |0 004 1092037233 
LOK |0 005 20260220165307 
LOK |0 008 260218||||||||||||||||ger||||||| 
LOK |0 040   |a DE-Tue135  |c DE-627  |d DE-Tue135 
LOK |0 092   |o n 
LOK |0 852   |a DE-Tue135 
LOK |0 852 1  |9 00 
LOK |0 935   |a ixma 
LOK |0 939   |a 18-02-26  |b l01 
ORI |a TA-MARC-ixtheoa001.raw